Annual Summary of Admiralty Notices to Mariners : (Record no. 1510)

000 -LEADER
fixed length control field 00607nam a2200205Ia 4500
007 - PHYSICAL DESCRIPTION FIXED FIELD--GENERAL INFORMATION
fixed length control field ta
008 - FIXED-LENGTH DATA ELEMENTS--GENERAL INFORMATION
fixed length control field 190719t1974 xxk||||g||||||||| ||und||
040 ## - CATALOGING SOURCE
Original cataloging agency IMU Kochi Library
Language of cataloging eng
041 0# - LANGUAGE CODE
Language code of text/sound track or separate title eng
044 ## - COUNTRY OF PUBLISHING/PRODUCING ENTITY CODE
MARC country code United Kingdom
082 04 - DEWEY DECIMAL CLASSIFICATION NUMBER
Classification number 623.89
Item number Un314
Edition number 23
110 ## - MAIN ENTRY--CORPORATE NAME
Corporate name or jurisdiction name as entry element Great Britain.
Subordinate unit Hydrographic Office
245 #0 - TITLE STATEMENT
Title Annual Summary of Admiralty Notices to Mariners :
Sub Title in force on 1st January 1974 /
260 ## - PUBLICATION, DISTRIBUTION, ETC. (IMPRINT)
Place of publication, distribution, etc Taunton :
Name of publisher, distributor, etc United Kingdom Hydrographic Office ,
Date of publication, distribution, etc 1974.
300 ## - PHYSICAL DESCRIPTION
Extent 172 p.;
Dimensions 25 cm.
650 ## - SUBJECT ADDED ENTRY--TOPICAL TERM
Topical term or geographic name as entry element Pilot guides
852 ## - LOCATION/CALL NUMBER
Location IMU Kochi Library
904 ## - LOCAL DATA ELEMENT D, LDD (RLIN)
CATALOGER Akhil Bose
942 ## - ADDED ENTRY ELEMENTS (KOHA)
Item type Books
Holdings
Withdrawn status Lost status Source of classification or shelving scheme Damaged status Not for loan Collection code Permanent location Current location Shelving location Date acquired Total Checkouts Full call number Barcode Date last seen Date last borrowed Koha item type Public note
          Admiralty Publication IMU Kochi Library IMU Kochi Library Reference 2012-03-22 3 623.89 Un314 BK000278 2023-05-03 2023-05-03 Books Shelf-4, Row-1
          Admiralty Publication IMU Kochi Library IMU Kochi Library Reference 2012-03-22 2 623.89 Un314 BK000279 2023-01-31 2022-10-28 Books Shelf-4, Row-1


Copyright © All Rights Reserved by Indian Maritime University, Kochi Campus.
For any Suggestions/Query Contact to library or Email: library.kochi@imu.ac.in Ph:(0484)-2989402
(Web OPAC Designed by Rudra Ranjan. Maintained by IMU Kochi Library)

Powered by Koha